| Tag |
First Indicator |
Second Indicator |
Subfields |
| LEADER |
00000pam a2200000 i 4500 |
| 001 |
in00000043129 |
| 005 |
20151007070850.0 |
| 008 |
790823s1979 nju b 00110 eng |
| 010 |
|
|
|a 79020587
|
| 020 |
|
|
|a 0810812584
|
| 035 |
|
|
|a (OCoLC)05353232
|
| 035 |
|
|
|9 AAE4870AM
|
| 040 |
|
|
|a DLC
|c DLC
|d TXA
|d UtOrBLW
|
| 049 |
|
|
|a TXAM
|c [1497259]
|
| 050 |
0 |
0 |
|a BF1321
|b .I78
|
| 082 |
0 |
|
|a 133.8
|
| 100 |
1 |
|
|a Irwin, H. J.
|q (Harvey J.)
|
| 245 |
1 |
0 |
|a Psi and the mind :
|b an information processing approach /
|c H. J. Irwin.
|
| 264 |
|
1 |
|a Metuchen, N.J. :
|b Scarecrow Press,
|c 1979.
|
| 300 |
|
|
|a viii, 173 pages ;
|c 23 cm.
|
| 336 |
|
|
|a text
|b txt
|2 rdacontent
|
| 337 |
|
|
|a unmediated
|b n
|2 rdamedia
|
| 338 |
|
|
|a volume
|b nc
|2 rdacarrier
|
| 500 |
|
|
|a Includes indexes.
|
| 504 |
|
|
|a Bibliography: pages [149]-165.
|
| 650 |
|
0 |
|a Extrasensory perception.
|
| 650 |
|
0 |
|a Psychokinesis.
|
| 650 |
|
0 |
|a Human information processing.
|
| 999 |
|
|
|a MARS
|
| 999 |
f |
f |
|s bd456e64-e7c4-34ce-9a3e-841d820bf4d3
|i bd2eea50-cb28-33fd-bdb7-e5a19ff22a34
|t 0
|
| 952 |
f |
f |
|p ric
|a Texas A&M University
|b Rellis Campus
|c Joint Library Facility
|d Remote Storage
|t 0
|e BF1321 .I78
|h Library of Congress classification
|i unmediated -- volume
|m A14801709743
|
| 998 |
f |
f |
|a BF1321 .I78
|t 0
|l Remote Storage
|